Top 10 der militärisch stärksten Nationen - Statistiken

Allgemein
  • Dieses Quiz wurde 124 mal gespielt
  • Das Durchschnittsergebnis liegt bei 9 aus 10
Antwortstatistiken
Rang PwrIndx Land % Korrekt
3 0.0788 China
100%
2 0.0788 Russland
99%
1 0.0744 USA
99%
7 0.1878 Frankreich
97%
4 0.1184 Indien
95%
6 0.1785 Vereinigtes Königreich
92%
8 0.1839 Japan
88%
5 0.1656 Südkorea
79%
10 0.2164 Italien
67%
9 0.1902 Türkei
65%
Keine übereinstimmenden Quizze gefunden
Verteilung der Resultate
Anzahl Personen mit jedem Resultat
Perzentil nach korrekt beantworteten Fragen
Ihre Resultats-Entwicklung
Sie haben dieses Quiz noch nicht gespielt